| 000 | 00561nam a2200229Ia 4500 | ||
|---|---|---|---|
| 003 | OSt | ||
| 005 | 20220924151749.0 | ||
| 006 | a|||||r|||| 00| 0 | ||
| 007 | ta | ||
| 008 | 220923b |||||||| |||| 00| 0 mar d | ||
| 024 | _a339098 | ||
| 037 | _cTextual | ||
| 040 |
_aARTS _cARTS _bmar |
||
| 041 |
_2mar _amar |
||
| 082 | _aB94, 155E4 | ||
| 100 |
_aUdudaypradeep _9224920 |
||
| 245 | 0 | _aJatak shiromani | |
| 260 | _c1914 | ||
| 650 |
_aMATHEMATICS _92141 |
||
| 942 |
_hB94, 155E4 _cTEXL _2CC |
||
| 999 |
_c467638 _d467638 |
||